<?xml version="1.0" encoding="UTF-8"?>
<collection xmlns="http://www.loc.gov/MARC21/slim">
 <record>
  <leader>01936nam a2200229Ia 4500</leader>
  <controlfield tag="001">CTU_19287</controlfield>
  <controlfield tag="008">210402s9999    xx            000 0 und d</controlfield>
  <datafield tag="020" ind1=" " ind2=" ">
   <subfield code="c">20</subfield>
  </datafield>
  <datafield tag="082" ind1=" " ind2=" ">
   <subfield code="a">658.8</subfield>
  </datafield>
  <datafield tag="082" ind1=" " ind2=" ">
   <subfield code="b">J62</subfield>
  </datafield>
  <datafield tag="100" ind1=" " ind2=" ">
   <subfield code="a">Jobber, David</subfield>
  </datafield>
  <datafield tag="245" ind1=" " ind2="0">
   <subfield code="a">Principles and practice of marketing</subfield>
  </datafield>
  <datafield tag="245" ind1=" " ind2="0">
   <subfield code="c">David Jobber</subfield>
  </datafield>
  <datafield tag="260" ind1=" " ind2=" ">
   <subfield code="a">London</subfield>
  </datafield>
  <datafield tag="260" ind1=" " ind2=" ">
   <subfield code="b">McGraw-Hill</subfield>
  </datafield>
  <datafield tag="260" ind1=" " ind2=" ">
   <subfield code="c">1995</subfield>
  </datafield>
  <datafield tag="520" ind1=" " ind2=" ">
   <subfield code="a">The book combines comprehensive coverage of the principles of marketing with unique emphasis on its practical implementation within Europe business. It is in five parts: 1) Fundamental of modern marketing throught summarizes core marketing pinciples including the marketing concept and marketing planning, consumer and buyer behaviour, marketing research, and segmentation and positioning. 2) Marketing mixed decision focuses upon the development of effectiuve strategies for pricing, promotion, product development and distribution. 3) Competition and marketing discusses the issues of industry attractiveness, competitive advantage and the nature of competitive behaviour. 4) Marketing implementation provides in-depth coverage of this often negleted topic. It describes the resistance that necessary change often provokes and the strategies to overcome this resistance. It also analyses the various forms of marketing organization and how each one affects how marketing strategy is implemented. 5) Marketing applications focuses upon the special characteristics of service industries and the particular issues associated with globalization. The book includes numerous learning aids including chapter objectives, chapter summaries, study questions and extensive references. There is a case study at the end of each chapter with an extended case at the end of each module</subfield>
  </datafield>
  <datafield tag="650" ind1=" " ind2=" ">
   <subfield code="a">Marketing,Marketing</subfield>
  </datafield>
  <datafield tag="650" ind1=" " ind2=" ">
   <subfield code="x">Case studies</subfield>
  </datafield>
  <datafield tag="650" ind1=" " ind2=" ">
   <subfield code="z">Europe</subfield>
  </datafield>
  <datafield tag="904" ind1=" " ind2=" ">
   <subfield code="i">Minh,Nguyên</subfield>
  </datafield>
  <datafield tag="980" ind1=" " ind2=" ">
   <subfield code="a">Trung tâm Học liệu Trường Đại học Cần Thơ</subfield>
  </datafield>
 </record>
</collection>
